Biggest Cities by Decade (1000-1090) - Statistics

General Stats
  • This quiz has been taken 38 times
    37 since last reset
  • The average score is 37 of 70
Answer Stats
Year Rank Population Answer % Correct
3. 330,000 Constantinople
93%
2. 360,000 Constantinople
93%
2. 380,000 Constantinople
93%
2. 390,000 Constantinople
93%
2. 390,000 Constantinople
93%
2. 400,000 Constantinople
93%
2. 400,000 Constantinople
93%
2. 400,000 Constantinople
93%
2. 300,000 Constantinople
93%
3. 200,000 Constantinople
93%
5. 150,000 Cairo
86%
5. 150,000 Cairo
86%
5. 150,000 Cairo
86%
5. 150,000 Cairo
86%
4. 150,000 Cairo
86%
4. 150,000 Cairo
86%
4. 150,000 Cairo
86%
4. 150,000 Cairo
86%
4. 150,000 Cairo
86%
4. 150,000 Cairo
86%
6. 150,000 Baghdad
79%
2. 350,000 Cordoba
59%
3. 290,000 Cordoba
59%
4. 180,000 Cordoba
59%
4. 160,000 Cordoba
59%
6. 140,000 Cordoba
59%
6. 120,000 Cordoba
59%
7. 150,000 Kyoto
55%
6. 150,000 Kyoto
55%
6. 150,000 Kyoto
55%
6. 150,000 Kyoto
55%
5. 150,000 Kyoto
55%
5. 150,000 Kyoto
55%
5. 150,000 Kyoto
55%
5. 150,000 Kyoto
55%
5. 150,000 Kyoto
55%
5. 150,000 Kyoto
55%
7. 100,000 Seville
48%
7. 100,000 Seville
48%
7. 110,000 Seville
48%
7. 110,000 Seville
48%
6. 120,000 Seville
48%
6. 130,000 Seville
48%
6. 130,000 Seville
48%
6. 140,000 Seville
48%
1000 1. 400,000 Bian
28%
1010 1. 400,000 Bian
28%
1020 1. 410,000 Bian
28%
1030 1. 420,000 Bian
28%
1040 1. 430,000 Bian
28%
1050 1. 440,000 Bian
28%
1060 1. 440,000 Bian
28%
1070 1. 440,000 Bian
28%
1080 1. 440,000 Bian
28%
1090 1. 440,000 Bian
28%
4. 200,000 Angkor
24%
4. 200,000 Angkor
24%
3. 200,000 Angkor
24%
3. 200,000 Angkor
24%
3. 200,000 Angkor
24%
3. 200,000 Angkor
24%
3. 200,000 Angkor
24%
3. 200,000 Angkor
24%
3. 200,000 Angkor
24%
2. 200,000 Angkor
24%
7. 110,000 Kalyani
7%
7. 130,000 Kalyani
7%
7. 100,000 Patan
7%
7. 100,000 Patan
7%
7. 100,000 Patan
7%
No matching quizzes found
Score Distribution
Percent of People with Each Score
Percentile by Number Answered
Your Score History
You have not taken this quiz since the last reset